Southville International School and Colleges
Your cart is empty.
  • Cart
  • Lists
    Public lists Eva Luna New books Lux_list list_1
    Your lists Log in to create your own lists
  • Log in to your account
  • Your cookies
  • Search history
Southville International School and Colleges
  • Advanced search
  • Recent comments
  • Most popular
  • Libraries

Log in to your account

Log in with GOOGLE


If you do not have an external account, but do have a local account, you can still log in:

  1. Home
  2. MARC view: The Determination of thiocyanide ion for different cigarette brands /
Normal view MARC view ISBD view

The Determination of thiocyanide ion for different cigarette brands / (Record no. 96747)

[ view plain ]
MARC details
000 -LEADER
fixed length control field 00725nam a2200193 a 4500
003 - CONTROL NUMBER IDENTIFIER
control field 0
005 - DATE AND TIME OF LATEST TRANSACTION
control field 20250523153412.0
008 - FIXED-LENGTH DATA ELEMENTS--GENERAL INFORMATION
fixed length control field 021022s19uu xx 00 eng d
050 ## - LIBRARY OF CONGRESS CALL NUMBER
Classification number PHS RA 1242.T48
Item number .Y66 2002
100 ## - MAIN ENTRY--PERSONAL NAME
Personal name Yongco, Maria Fathma M.
245 ## - TITLE STATEMENT
Title The Determination of thiocyanide ion for different cigarette brands /
Statement of responsibility, etc Maria Fathma M. Yongco.
260 ## - PUBLICATION, DISTRIBUTION, ETC. (IMPRINT)
Place of publication, distribution, etc Las Piñas City, Philippines :
Name of publisher, distributor, etc Southville International School and Colleges,
Date of publication, distribution, etc 2002.
300 ## - PHYSICAL DESCRIPTION
Extent 40 pages :
Other physical details illustrations ;
Dimensions 28 cm.
504 ## - BIBLIOGRAPHY, ETC. NOTE
Bibliography, etc Includes bibliographical references.
650 ## - SUBJECT ADDED ENTRY--TOPICAL TERM
Topical term or geographic name as entry element Cigarettes
General subdivision Analysis.
650 ## - SUBJECT ADDED ENTRY--TOPICAL TERM
Topical term or geographic name as entry element Cigarette brands
General subdivision Comparative analysis.
650 ## - SUBJECT ADDED ENTRY--TOPICAL TERM
Topical term or geographic name as entry element Toxic substances in tobacco products.
942 ## - ADDED ENTRY ELEMENTS (KOHA)
Source of classification or shelving scheme Library of Congress Classification
Koha item type PASS
Holdings
Withdrawn status Lost status Source of classification or shelving scheme Damaged status Home library Current library Shelving location Date acquired Source of acquisition Total Checkouts Full call number Barcode Date last seen Price effective from Koha item type
    Library of Congress Classification   Luxembourg Library Luxembourg Library Portfolio Assessment of SISC Students Section 10/22/2002 Donation   PHS RA 1242.T48 .Y66 2002 P0731 05/05/2015 04/08/2014 PASS

The Determination of thiocyanide ion for different cigarette brands /

APA

Yongco M. F. M., . (2002). The Determination of thiocyanide ion for different cigarette brands. Las Piñas City, Philippines: Southville International School and Colleges.

Chicago

Yongco Maria Fathma M, . 2002. The Determination of thiocyanide ion for different cigarette brands. Las Piñas City, Philippines: Southville International School and Colleges.

Harvard

Yongco M. F. M., . (2002). The Determination of thiocyanide ion for different cigarette brands. Las Piñas City, Philippines: Southville International School and Colleges.

MLA

Yongco Maria Fathma M, . The Determination of thiocyanide ion for different cigarette brands. Las Piñas City, Philippines: Southville International School and Colleges. 2002.

  • Print
  • Cite
  • Add to your cart (remove)
  • Save record
    BIBTEX Dublin Core MARCXML MARC (non-Unicode/MARC-8) MARC (Unicode/UTF-8) MARC (Unicode/UTF-8, Standard) MODS (XML) RIS
  • More searches
    Search for this title in:
    Other Libraries (WorldCat) Other Databases (Google Scholar) Online Stores (Bookfinder.com) Open Library (openlibrary.org)

Exporting to Dublin Core...

SOUTHVILLE LIBRARY

Southville International School and Colleges Library

1281 Tropical Ave. Cor. Luxembourg St., BF Homes International, Las Pinas City

Tel. No. 8256374 / 252358 Loc. 117/146

Powered by Koha